KOHA-Header-6

An outline of Philosophy (Record no. 8675)

000 -LEADER
fixed length control field 00261nam a2200109Ia 4500
100 ## - MAIN ENTRY--AUTHOR NAME
Personal name Russell,Bertrand
245 #3 - TITLE STATEMENT
Title An outline of Philosophy
260 ## - PUBLICATION, DISTRIBUTION, ETC. (IMPRINT)
Place of publication New York
Name of publisher Addision
Year of publication 1994
300 ## - PHYSICAL DESCRIPTION
Number of Pages 590
942 ## - ADDED ENTRY ELEMENTS (KOHA)
Koha item type Books
Holdings
Withdrawn status Lost status Collection code Permanent Location Current Location Shelving location Date acquired Full call number Accession Number Koha item type
    English Literature MAJU MAJU Shelf No.A13 2019-09-14 338.5 3565 English Literature

Powered by Koha